000 00594nam a2200169 a 4500
001 000038083
005 20201002031154.0
008 130313s2010 dr 000 0 spa d
040 _aDO-SdBNP
_bspa
_cBNPHU
100 1 _aVeras, Moraima
_937008
245 1 0 _aDimensión política /
_cMoraima Veras, Nicolás Guevara ; presentación Marcos Villamán.
260 _aSanto Domingo :
_bConsejo Nacional de Reforma del Estado (CONARE),
_c2010.
300 _a24 p. ;
_c29 cm.
500 _aIncluye notas al pie de las páginas
700 1 _aGuevara, Nicolás
_922224
700 1 _aVillamán, Marcos
_9760
999 _c37573
_d37573